00737nam a2200241 a 4500001001300000003000900013005001700022008004100039020002600080082001500106100002000121245004500141260005100186300000900237500003500246505001300281650003300294700002000327902000800347942000700355952011600362999001700478nice12345678IN_TiNIC20260116014445.0050524s2002 wasa grp 000 0 eng  a1878379 c672.7500a327.2bFRE aFreeman, Chas W aArts of Powerb Statecraft and Diplomacy aWashingtonbUnited States Inst. of Peacec2002 a159p aincludes index and biblioraphy2 aAppendix aInternational Relation-Peace1 aFreeman, Chas W bSRS cBK 001040708StackRoom-aHMIbHMId2007-04-19g672.75l0o327.2 FREp021337r2007-04-19v672.75w2005-05-24yBK c15422d15422